00942cam a2200349 a 450000100070000000300090000700500170001600700070003300800410004001000060008102000150008702000220010202000180012402000090014203500060015104000220015704100130017904200060019204300060019805000090020408200090021310000220022224501390024425000060038326000390038930000300042850000060045870000200046470000200048470000190050471000690052314307 DO-SdBNP20160517153745.014307 060321s2006 nyua 000 0 eng d a  a0809057387 a0809057395 (pbk.) a9780809057382 a c  a  aBPMSUcspadBPMSU aspadeng a  a 00a b 00a 2 1 aJacobson, Sidney.14aThe 9/11 report :ba graphic adaptation /c Sid Jacobson and Ernie Colón ; [with a foreword by Thomas H. Kean and Lee H. Hamilton]. a  aNew York :bHill and Wang,c 2006. ax, 117 p. :bil ;c24 cm. a 1 aColón, Ernie.1 aKean, Thomas H.1 aHamilton, Lee.2 aNational Commission on Terrorist Attacks upon the United States.